La extemporaneidad de las campañas electorales en República Dominicana. / (Record no. 47909)
[ view plain ]
| 000 -CABECERA | |
|---|---|
| campo de control de longitud fija | 00972nam a2200265 a 4500 |
| 001 - NÚMERO DE CONTROL | |
| campo de control | 000048421 |
| 005 - FECHA Y HORA DE LA ÚLTIMA TRANSACCIÓN | |
| campo de control | 20260527074042.0 |
| 008 - DATOS DE LONGITUD FIJA--INFORMACIÓN GENERAL | |
| campo de control de longitud fija | 190314s2018 dr 000 0 spa d |
| 020 ## - NÚMERO INTERNACIONAL ESTÁNDAR DEL LIBRO | |
| Número Internacional Estándar del Libro | 9789945590739 |
| 040 ## - FUENTE DE LA CATALOGACIÓN | |
| Centro catalogador/agencia de origen | DO-SdBNP |
| Lengua de catalogación | spa |
| Centro/agencia transcriptor | BNPHU |
| 082 ## - NÚMERO DE LA CLASIFICACIÓN DECIMAL DEWEY | |
| Número de clasificación | 324.97293 |
| Número de documento/Ítem | R893e |
| 100 1# - ENTRADA PRINCIPAL--NOMBRE DE PERSONA | |
| Nombre de persona | Rozón, Vladimir |
| 9 (RLIN) | 75833 |
| 245 13 - MENCIÓN DE TÍTULO | |
| Título | La extemporaneidad de las campañas electorales en República Dominicana. / |
| Mención de responsabilidad, etc. | Vladimir Rozón. |
| 260 ## - PUBLICACIÓN, DISTRIBUCIÓN, ETC. | |
| Lugar de publicación, distribución, etc. | Santo Domingo, : |
| Nombre del editor, distribuidor, etc. | FUNGLODE |
| -- | OPD, |
| Fecha de publicación, distribución, etc. | 2018. |
| 300 ## - DESCRIPCIÓN FÍSICA | |
| Extensión | 57 p. ; |
| Dimensiones | 23 cm. |
| 490 1# - MENCIÓN DE SERIE | |
| Mención de serie | Partidos políticos ; |
| 590 ## - NOTA LOCAL (RLIN) | |
| Nota local | Inventariado, 2019/ YL |
| 504 ## - NOTA DE BIBLIOGRAFÍA, ETC. | |
| Nota de bibliografía, etc. | Bibliografía p: 53-57 |
| 650 4# - PUNTO DE ACCESO ADICIONAL DE MATERIA--TÉRMINO DE MATERIA | |
| Término de materia o nombre geográfico como elemento de entrada | Elecciones |
| Subdivisión geográfica | República Dominicana |
| 9 (RLIN) | 2992 |
| 650 40 - PUNTO DE ACCESO ADICIONAL DE MATERIA--TÉRMINO DE MATERIA | |
| Término de materia o nombre geográfico como elemento de entrada | Partidos políticos |
| Subdivisión geográfica | República Dominicana |
| 9 (RLIN) | 285 |
| 650 4# - PUNTO DE ACCESO ADICIONAL DE MATERIA--TÉRMINO DE MATERIA | |
| Término de materia o nombre geográfico como elemento de entrada | Campañas políticas |
| Subdivisión geográfica | República Dominicana |
| 9 (RLIN) | 46237 |
| 710 2# - PUNTO DE ACCESO ADICIONAL--NOMBRE DE ENTIDAD CORPORATIVA | |
| Nombre de entidad corporativa o nombre de jurisdicción como elemento de entrada | Fundación Global Democracía y Desarrollo |
| 9 (RLIN) | 25477 |
| 710 1# - PUNTO DE ACCESO ADICIONAL--NOMBRE DE ENTIDAD CORPORATIVA | |
| Nombre de entidad corporativa o nombre de jurisdicción como elemento de entrada | Observatorio Político Dominicano (OPD) |
| 9 (RLIN) | 75834 |
| 830 #0 - PUNTO DE ACCESO ADICIONAL DE SERIE-TÍTULO UNIFORME | |
| Título uniforme | Partidos políticos |
| 9 (RLIN) | 75835 |
| Estado de retiro | Estado de pérdida | No para préstamo | Código de colección | Localización permanente | Ubicación/localización actual | Ubicación en estantería | Fecha de adquisición | Número de inventario | Total de préstamos | Signatura topográfica completa | Código de barras | Fecha visto por última vez | Número de copia | Precio válido a partir de | Tipo de ítem Koha |
|---|---|---|---|---|---|---|---|---|---|---|---|---|---|---|---|
| Excluido de préstamo | Dominicana de Servicio | General | General | En catalogación | 14.03.2019 | LF1 | 324.97293 R893e | 48421-30 | 25.06.2020 | e. 3 | 25.06.2020 | Libro y Folleto Colección Dominicana de Servicio | |||
| Excluido de préstamo | Patrimonio Dominicano | Patrimonio Dominicano | Patrimonio Dominicano | En catalogación | 14.03.2019 | LF1 | 324.97293 R893e | 48421-10 | 25.06.2020 | 25.06.2020 | Libro y Folleto Colección Patrimonio Dominicano | ||||
| Excluido de préstamo | Patrimonio Dominicano | Patrimonio Dominicano | Patrimonio Dominicano | En catalogación | 14.03.2019 | LF1 | 324.97293 R893e | 48421-20 | 25.06.2020 | e. 2 | 25.06.2020 | Libro y Folleto Colección Patrimonio Dominicano |
